[Event "Let's Play Chess!"]
[Site "http://www.queenalice.com/game.php?id=901731"]
[Date "2011.2.17"]
[Round "-"]
[White "catfishcore"]
[Black "pjbrito"]
[Result "0-1"]
[WhiteElo "1742"]
[BlackElo "1421"]

1. d4 Nf6 2. Nf3 d5 3. Bf4 Nc6 4. h3 Bf5 5. a3 e6 6. e3 Bd6 7. Ne5 O-O 8. Nd2
Ne4 9. Nxe4 Bxe4 10. Qg4 Nxe5 11. dxe5 Bc5 12. Bh6 g6 13. Bxf8 Bxf8 14. O-O-O
Bg7 15. f4 c6 16. h4 Qb6 17. h5 Qxe3+ 18. Kb1 Qf2 19. Rh2 Bxc2+ 20. Kc1 Bxd1 21.
Kxd1 Qxf1+ 22. Kc2 Re8 23. hxg6 fxg6 24. g3 d4 25. Qh4 d3+ 26. Kd2 b5 27. Qxh7+
Kf7 28. Kc3 c5 29. Rh1 Qf3 30. Kb3 Rh8 31. Qh2 Rxh2 32. Rxh2 Qxg3 33. Rd2 c4+
0-1

[Event "Let's Play Chess!"]
[Site "http://www.queenalice.com/game.php?id=901733"]
[Date "2011.2.17"]
[Round "-"]
[White "spawnwolfwolverine"]
[Black "catfishcore"]
[Result "1-0"]
[WhiteElo "1607"]
[BlackElo "1713"]

1. d4 e6 2. e3 d5 3. g3 Nf6 4. Bg2 Nc6 5. Nf3 Ne4 6. O-O Bd7 7. Nc3 Nxc3 8. bxc3
Bd6 9. a4 Na5 10. Bd2 Nc4 11. Bc1 Qe7 12. Nd2 c6 13. Nxc4 O-O-O 14. Nxd6+ Qxd6
15. Qd3 f5 16. c4 Qf8 17. cxd5 exd5 18. c4 g6 19. cxd5 h5 20. dxc6 bxc6 21. Qa6+
Kc7 22. Qxa7+ Kc8 23. Rb1 1-0

[Event "Challenge"]
[Site "http://www.queenalice.com/game.php?id=903282"]
[Date "2011.2.20"]
[Round "-"]
[White "ORNELAS"]
[Black "catfishcore"]
[Result "1/2-1/2"]
[WhiteElo "1621"]
[BlackElo "1693"]

1. e4 b6 2. d4 e6 3. Nf3 Bb7 4. Nbd2 Nc6 5. c3 d5 6. e5 f6 7. Bb5 Ne7 8. exf6
gxf6 9. O-O Rg8 10. Nh4 Qd6 11. Ndf3 O-O-O 12. a4 Na5 13. b3 Ba8 14. Ba3 Qf4 15.
Bb4 Nec6 16. Bxa5 Nxa5 17. b4 Nc4 18. a5 Rg7 19. Ba6+ Kb8 20. g3 Rd6 21. Kh1 Qh6
22. Qa4 Bc6 23. b5 Nb2 24. Qb3 Nd3 25. bxc6 Be7 26. axb6 cxb6 27. c4 dxc4 28.
Qxc4 Nxf2+ 29. Rxf2 Kc7 30. d5 f5 31. Qa2 Rxd5 32. Bc4 Ra5 33. Qb2 Bf6 34. Qb4
Rxa1+ 35. Kg2 f4 36. Bxe6 Bxh4 37. Nxh4 Qxe6 38. Qxf4+ Kxc6 39. Rc2+ Kb7 40.
Qf3+ Ka6 41. Qd3+ b5 42. Rb2 Qc6+ 43. Nf3 Re7 44. Rc2 Qe8 45. Qd6+ Ka5 46. Rc6
Qxc6 47. Qxc6 Ra2+ 48. Kh3 Ra4 49. Qc8 Rae4 50. Qd8+ Kb4 51. Qd2+ Kc5 52. Qc2+
Rc4 53. Qb3 Re2 54. Qa3+ Kb6 55. Qd6+ Ka5 56. Qd8+ Ka4 57. Qd1+ Rec2 58. Qa1+
Kb3 59. Qxa7 Ra4 60. Qf7+ Kb2 61. Qg7+ Kc1 62. Qxh7 Rc3 63. Ne5 b4 64. Qh6+ Kb2
65. Qd2+ Rc2 66. Nd3+ Kb3 67. Qg5 Raa2 68. Qb5 Rc4 69. Nc1+ Rxc1 70. Qd5+ Rc4
71. Qd3+ Rc3 72. Qd5+ Kb2 73. Qd2+ Ka3 74. Qd8 b3 75. Qf8+ Kb2 76. Qf2+ Rc2 77.
Qd4+ Kb1 78. Qd1+ Rc1 79. Qxb3+ Rb2 80. Qd3+ Rcc2 81. Qe4 Rb8 82. Qe1+ Kb2
1/2-1/2

[Event "Challenge"]
[Site "http://www.queenalice.com/game.php?id=915622"]
[Date "2011.3.21"]
[Round "-"]
[White "catfishcore"]
[Black "toldowisky"]
[Result "0-1"]
[WhiteElo "1703"]
[BlackElo "1629"]

1. d4 d5 2. Bf4 c5 3. e3 cxd4 4. exd4 Nc6 5. c3 Nf6 6. Nf3 g6 7. Qc2 Bf5 8. Qb3
Qd7 9. Nbd2 Bg7 10. Be2 a6 11. Qd1 O-O 12. a3 Rfe8 13. h3 Rac8 14. Nb3 b6 15.
Bxa6 Rb8 16. Bb5 Rbc8 17. Ne5 Qd6 18. Qd2 Ne4 19. Qe3 Bxe5 20. Bxe5 Qe6 21. Ke2
Red8 22. Qh6 Nxe5 23. f3 Nxc3+ 24. bxc3 Ng4+ 25. Kd2 Nxh6 26. g4 Nxg4 27. hxg4
Bxg4 28. fxg4 Qxg4 29. Kc2 Qe4+ 30. Bd3 Qg2+ 31. Nd2 Rc7 32. Rhb1 Rdc8 33. Rb3
e5 34. Ba6 Re8 35. Re1 Qf2 36. Kd1 e4 37. Rf1 Qg3 38. Re1 Rxc3 39. Rxb6 Rxa3 0-1

[Event "QA-ANNIV-05"]
[Site "http://www.queenalice.com/game.php?id=921148"]
[Date "2011.4.3"]
[Round "8"]
[White "lobo"]
[Black "catfishcore"]
[Result "0-1"]
[WhiteElo "1882"]
[BlackElo "1684"]

1. e4 e5 2. Nf3 Nc6 3. Bb5 a6 4. Bxc6 dxc6 5. Nxe5 Qg5 6. Nd3 Qxg2 7. Rf1 Qxh2
8. Qf3 Nh6 9. Nf4 Qh4 10. d3 Bg4 11. Qe3 Bb4+ 12. c3 Ba5 13. Ng2 Qe7 14. Nd2 O-O
15. f3 Bh3 16. Rg1 Bb6 17. d4 Rfe8 18. Nc4 Ba7 19. Bd2 Qd7 20. Nh4 Kh8 21. O-O-O
Re6 22. e5 Qe7 23. Ng2 Bf5 24. Nf4 Ng4 25. fxg4 Bxg4 26. Rxg4 Rh6 27. Rdg1 Rg8
28. R1g3 Qd7 29. Ng2 Rh1+ 30. Kc2 c5 0-1

[Event "Challenge"]
[Site "http://www.queenalice.com/game.php?id=923646"]
[Date "2011.4.8"]
[Round "-"]
[White "catfishcore"]
[Black "FC"]
[Result "1-0"]
[WhiteElo "1690"]
[BlackElo "1621"]

1. d4 d5 2. Bf4 Nc6 3. Nf3 e6 4. e3 Nf6 5. Bd3 Be7 6. c3 O-O 7. Nbd2 Ng4 8. h3
Nf6 9. Qc2 a5 10. g4 b6 11. g5 Ne4 12. h4 Bd6 13. Ne5 Nxd2 14. Kxd2 Bxe5 15.
dxe5 Ne7 16. Bxh7+ Kh8 17. h5 Nf5 18. Bxf5 exf5 19. Rag1 Bb7 20. Rh3 c5 21. Qd1
d4 22. Kc2 Be4+ 23. Kc1 dxc3 24. Qe2 Bd3 25. Qf3 c2 26. g6 Be4 27. Qg3 Qd5 28.
h6 Qxa2 29. hxg7+ Kg8 30. gxf8=Q+ Rxf8 31. gxf7+ Kxf7 32. Qg6+ Ke7 33. Qd6+ Ke8
34. Qb8+ Kf7 35. Rh7+ Ke6 36. Qd6# 1-0

[Event "QA-ANNIV-05"]
[Site "http://www.queenalice.com/game.php?id=953498"]
[Date "2011.6.24"]
[Round "9"]
[White "catfishcore"]
[Black "TecmoTim"]
[Result "0-1"]
[WhiteElo "1708"]
[BlackElo "2112"]

1. d4 d5 2. Bf4 Nf6 3. h3 e6 4. Nf3 c5 5. b3 Nc6 6. e3 Be7 7. Nbd2 O-O 8. Bd3 a6
9. Qe2 Bd7 10. c3 cxd4 11. exd4 Rc8 12. O-O Nh5 13. Bh2 Qa5 14. Ne5 Nf6 15. Nxd7
Nxd7 16. Nb1 b5 17. b4 Qd8 18. Nd2 Nf6 19. Nf3 h6 20. Qe3 Bd6 21. g3 Re8 22. Ne5
Qc7 23. f4 Nd7 24. g4 f6 25. Ng6 Nf8 26. Rf2 Qf7 27. Nxf8 Rxf8 28. Rg2 e5 29.
dxe5 fxe5 30. Bf5 Rce8 31. Qb6 Qa7 32. Qxa7 Nxa7 33. g5 Rxf5 34. gxh6 Kh8 35.
hxg7+ Kh7 36. Rg4 e4 37. Kh1 Nc6 38. Rag1 Kg8 39. Rg6 Rd8 40. Rh6 Kf7 41. Rh8
Rg8 42. Rh7 Rf6 43. Rd1 Ne7 44. Ra1 Rxg7 45. Rxg7+ Kxg7 46. a4 Bxf4 47. axb5
axb5 48. Ra7 Kf7 49. Rb7 e3 0-1

[Event "Challenge"]
[Site "http://www.queenalice.com/game.php?id=974903"]
[Date "2011.8.20"]
[Round "-"]
[White "wvulcanis"]
[Black "catfishcore"]
[Result "1-0"]
[WhiteElo "1754"]
[BlackElo "1706"]

1. e4 e5 2. Nf3 Nc6 3. Nc3 a6 4. Bc4 h6 5. O-O d6 6. d4 exd4 7. Nxd4 Ne5 8. Bb3
Bd7 9. Bf4 Ng6 10. Qf3 Nf6 11. Nd5 Nh4 12. Qd3 Nh5 13. Nf5 Nxf4 14. Nxf4 Qf6 15.
Nxh4 Qxf4 16. g3 Qg5 17. Rae1 f6 18. Re2 Be7 19. e5 fxe5 20. Nf3 Qf6 21. c4 c5
22. Ne1 Bf5 23. Qd2 Qg6 24. Qa5 Bh3 25. Ng2 Qd3 26. Rfe1 Qf3 27. Nf4 Bf5 28. Re3
Qg4 29. Bd1 Qg5 30. Ba4+ Kf7 31. Qc7 Rab8 32. h4 Rhc8 33. Qxc8 Rxc8 34. hxg5
Bxg5 35. Rb3 Rb8 36. Nd5 h5 37. Rf3 Kg6 38. Nb6 e4 39. Rb3 Rh8 40. Bd7 h4 41.
Bxf5+ Kxf5 42. gxh4 Rxh4 43. Rg3 g6 44. Kg2 Bf4 45. Rh3 Rg4+ 46. Kf1 Bd2 47. Rd1
Bf4 48. Nd5 Bg5 49. Ne3+ Bxe3 50. Rxe3 1-0

[Event "QA-ANNIV-05"]
[Site "http://www.queenalice.com/game.php?id=983033"]
[Date "2011.9.9"]
[Round "10"]
[White "catfishcore"]
[Black "arkadiusz42"]
[Result "1-0"]
[WhiteElo "1692"]
[BlackElo "1531"]

1. d4 d5 2. Bf4 Qd7 3. h3 Qb5 4. Qc1 e6 5. Bxc7 Nc6 6. e3 Qb4+ 7. c3 Qa4 8. Qd2
Nb4 9. b3 Qc6 10. Bh2 Na6 11. Nf3 f6 12. a4 Nh6 13. Bb5 Qxb5 14. axb5 Nc7 15.
Bxc7 Be7 16. O-O Bd7 17. b6 a6 18. c4 O-O 19. Qc2 g5 20. Qe2 g4 21. hxg4 Nxg4
22. Nh2 Nxh2 23. Kxh2 f5 24. Nd2 f4 25. Qg4+ Kh8 26. Bxf4 Rf7 27. Be5+ Bf6 28.
Nf3 Rg8 29. Ng5 Rff8 30. Qh4 Rg7 31. Bxf6 Rxf6 32. g3 h6 33. Nf3 Rfg6 34. Kg2
Be8 35. Qd8 Rg8 36. Ne5 R6g7 37. Rh1 Kh7 38. Qf6 Bd7 39. Rxh6# 1-0

[Event "Challenge"]
[Site "http://www.queenalice.com/game.php?id=1044753"]
[Date "2012.4.1"]
[Round "-"]
[White "zmanomega"]
[Black "catfishcore"]
[Result "1-0"]
[WhiteElo "1577"]
[BlackElo "1701"]

1. d4 e6 2. e4 a6 3. e5 h6 4. f4 Bb4+ 5. c3 Ba5 6. b4 Bb6 7. Nf3 Ne7 8. Bc4 d6
9. O-O Bd7 10. exd6 cxd6 11. a4 a5 12. b5 Nf5 13. Na3 Bc8 14. Kh1 Nd7 15. d5 Nf6
16. dxe6 fxe6 17. Re1 d5 18. Bd3 O-O 19. Ne5 Qc7 20. c4 Rd8 21. Bxf5 dxc4 22.
Qc2 Bd4 23. Bb2 c3 24. Bg6 Rd5 25. Bf7+ Kf8 26. Qg6 Bd7 27. Nxd7+ Rxd7 28. Bxe6
Re7 29. Bc1 Rae8 30. h3 Qd6 31. Nc4 Qc7 32. Ba3 Bc5 33. Bxc5 Qxc5 34. Rac1 Qb4
35. Nb6 Qd6 36. Nc8 Rxc8 37. Bxc8 Rxe1+ 38. Rxe1 Qd2 39. Rg1 c2 40. Bxb7 c1=Q
41. Rxc1 Qxc1+ 42. Kh2 Qxf4+ 43. Kg1 Qxa4 44. Qb1 Qd4+ 45. Kh1 Nh5 46. Qb3 Qf4
47. Qa3+ Kg8 48. Bd5+ Kh7 49. Qf3 Qc1+ 50. Kh2 Nf4 51. b6 g5 52. Qe4+ Kg7 53.
Qe7+ Kg6 54. Qe8+ Kf5 55. Be4+ Kf6 56. Qh8+ Ke7 57. Qg7+ Kd8 58. b7 Qc7 59. Qh8+
1-0

[Event "OS INCLIVEIS"]
[Site "http://www.queenalice.com/game.php?id=1052175"]
[Date "2012.4.24"]
[Round "-"]
[White "adelio"]
[Black "catfishcore"]
[Result "1-0"]
[WhiteElo "1687"]
[BlackElo "1718"]

1. d4 e6 2. e4 a6 3. e5 d5 4. exd6 Bxd6 5. g3 h6 6. Nf3 Ne7 7. c4 Bd7 8. c5 Bxg3
9. hxg3 Bc6 10. Nc3 Nd7 11. Bg2 Nf6 12. Ne5 Bxg2 13. Rg1 Bh3 14. f3 h5 15. Bg5
Nfd5 16. Nxf7 Kxf7 17. a3 c6 18. Qe2 Bf5 19. g4 hxg4 20. fxg4 Bg6 21. Rf1+ Ke8
22. Qxe6 Bf7 23. Rxf7 Nf6 24. O-O-O Rh2 25. Bxf6 gxf6 26. Rxf6 Rh8 27. Re1 Rc8
28. Qf7+ Kd7 29. Rd6+ Kc7 30. Rxe7+ 1-0

[Event "AUTO-INT-2401"]
[Site "http://www.queenalice.com/game.php?id=1090689"]
[Date "2012.8.6"]
[Round "1"]
[White "thigo"]
[Black "catfishcore"]
[Result "0-1"]
[WhiteElo "1590"]
[BlackElo "1693"]

1. g3 g6 2. b3 Bg7 3. c3 Nf6 4. e3 a6 5. Bb2 e5 6. b4 O-O 7. Bg2 e4 8. d3 Re8 9.
Nh3 d5 10. O-O Re5 11. c4 Rh5 12. Nc3 Bxh3 13. dxe4 Nxe4 14. Nxe4 Bxb2 15. cxd5
Bxa1 16. Qxa1 Nd7 17. d6 c6 18. Rd1 Be6 19. h3 a5 20. g4 Rh6 21. bxa5 Rxa5 22.
Bf3 Rxh3 23. Kg2 Qh4 24. Ng3 Rh2+ 25. Kf1 Bc4+ 26. Ke1 Rxa2 27. Qb1 Raxf2 28.
Ne4 Rb2+ 0-1

[Event "AUTO-INT-2401"]
[Site "http://www.queenalice.com/game.php?id=1090690"]
[Date "2012.8.6"]
[Round "1"]
[White "catfishcore"]
[Black "thigo"]
[Result "1-0"]
[WhiteElo "1705"]
[BlackElo "1632"]

1. d4 d6 2. Bf4 Bf5 3. e3 Nf6 4. h3 h6 5. Nf3 g5 6. Bh2 Nc6 7. a3 Na5 8. Nbd2
Qd7 9. c3 O-O-O 10. b4 Nc6 11. a4 Bg7 12. a5 b6 13. Bb5 h5 14. Nxg5 Rdf8 15.
axb6 cxb6 16. Qa4 Kb7 17. Qa6+ Kc7 18. O-O Bh6 19. Ngf3 Rh7 20. Nh4 e6 21. Rfd1
Rfh8 22. Kh1 Bg5 23. Nhf3 Bg4 24. Rdb1 Bxf3 25. Nxf3 Ne4 26. Nxg5 Nxg5 27. Rb2
Ne4 28. Ra3 e5 29. d5 Qc8 30. Qa4 h4 31. Bxc6 Qb8 32. Qb5 Rg7 33. Rba2 Nxf2+ 34.
Rxf2 Qc8 35. Rxa7+ Kb8 36. Ra8+ Kc7 37. Rxc8+ Rxc8 38. Ra2 Rcg8 39. Ra7+ Kd8 40.
Qxb6+ 1-0

[Event "AUTO-INT-2401"]
[Site "http://www.queenalice.com/game.php?id=1090705"]
[Date "2012.8.6"]
[Round "1"]
[White "josedesouza"]
[Black "catfishcore"]
[Result "0-1"]
[WhiteElo "1585"]
[BlackElo "1716"]

1. d4 g6 2. Nf3 Bg7 3. Bf4 Nf6 4. Nc3 O-O 5. e3 a6 6. Bc4 e6 7. O-O Nh5 8. Be5
f6 9. Bf4 Nxf4 10. exf4 d5 11. Bd3 Bh6 12. Ne2 Rf7 13. c3 Rg7 14. Qc2 Nc6 15. b4
Qd6 16. g3 Ne7 17. c4 Qd7 18. c5 Nc6 19. Nh4 g5 20. fxg5 Bxg5 21. Ng2 f5 22. f4
Bf6 23. a3 Nxd4 24. Qb2 Nf3+ 25. Kf2 Nxh2 26. Qxf6 Ng4+ 0-1

[Event "AUTO-INT-2401"]
[Site "http://www.queenalice.com/game.php?id=1090706"]
[Date "2012.8.6"]
[Round "1"]
[White "catfishcore"]
[Black "josedesouza"]
[Result "1-0"]
[WhiteElo "1727"]
[BlackElo "1563"]

1. d4 d5 2. Bf4 Nf6 3. h3 Nc6 4. c3 e6 5. Nf3 Bd6 6. Ne5 O-O 7. e3 Ne7 8. Bd3 h6
9. Nd2 Nc6 10. Qf3 a6 11. g4 Nd7 12. Nxc6 bxc6 13. h4 e5 14. dxe5 Bxe5 15. g5 f5
16. gxh6 Qf6 17. Bg5 Qf7 18. O-O-O c5 19. Rdg1 Bb7 20. Qe2 d4 21. e4 f4 22. Rh3
g6 23. Rgh1 Bc8 24. Bc4 Qxc4 25. Nxc4 Rf7 26. h5 gxh5 27. Qxh5 1-0

[Event "AUTO-INT-2401"]
[Site "http://www.queenalice.com/game.php?id=1090715"]
[Date "2012.8.6"]
[Round "1"]
[White "oevidalr"]
[Black "catfishcore"]
[Result "0-1"]
[WhiteElo "1602"]
[BlackElo "1680"]

1. e4 e5 2. Nf3 f6 3. Nc3 a6 4. h3 Bc5 5. Bc4 Ne7 6. O-O d6 7. d3 Nbc6 8. a3 Bd7
9. b4 Ba7 10. Bb2 Qc8 11. Nd5 Ng6 12. Qe2 Nf4 13. Qe1 Nxh3+ 14. gxh3 Bxh3 15.
Bc1 Qg4+ 0-1

[Event "AUTO-INT-2401"]
[Site "http://www.queenalice.com/game.php?id=1090716"]
[Date "2012.8.6"]
[Round "1"]
[White "catfishcore"]
[Black "oevidalr"]
[Result "1-0"]
[WhiteElo "1718"]
[BlackElo "1482"]

1. d4 d5 2. Bf4 Nc6 3. c3 Nf6 4. h3 h6 5. Nf3 e6 6. e3 Be7 7. Bd3 O-O 8. Nbd2 a6
9. g4 b5 10. Qc2 Bd6 11. Ne5 Bxe5 12. dxe5 Nd7 13. Nf3 Bb7 14. h4 f6 15. Bh7+
Kh8 16. Bg6 fxe5 17. Ng5 Qf6 18. Nh7 Qe7 19. Nxf8 Qxf8 20. Bg3 Ne7 21. Bd3 d4
22. Rh2 dxe3 23. fxe3 Nc5 24. Be2 Ne4 25. Bxe5 Ng6 26. Bxc7 Rc8 27. Ba5 Ng3 28.
Qxg6 Bf3 29. Bd3 Qg8 30. h5 Rf8 31. Rd2 1-0

[Event "Challenge"]
[Site "http://www.queenalice.com/game.php?id=1107100"]
[Date "2012.9.27"]
[Round "-"]
[White "josebaron"]
[Black "catfishcore"]
[Result "1-0"]
[WhiteElo "1905"]
[BlackElo "1725"]

1. e4 b6 2. Bc4 Bb7 3. d3 e6 4. Nf3 h6 5. a4 Nc6 6. c3 Bd6 7. O-O Nge7 8. h3 Ng6
9. b4 Nce5 10. Nxe5 Bxe5 11. a5 a6 12. axb6 cxb6 13. d4 Bf6 14. e5 Be7 15. Bd3
Nh4 16. Qg4 Bg5 17. f4 Bxg2 18. Rf2 Nf3+ 19. Rxf3 Bxf3 20. Qxf3 Bh4 21. Rxa6
Rxa6 22. Bxa6 O-O 23. Be3 d6 24. Bd3 d5 25. Qg4 Be7 26. f5 f6 27. Bxh6 Rf7 28.
fxe6 f5 29. exf7+ 1-0

[Event "AUTO-INT-2401"]
[Site "http://www.queenalice.com/game.php?id=1126428"]
[Date "2012.11.28"]
[Round "2"]
[White "catfishcore"]
[Black "rubensoliveira"]
[Result "0-1"]
[WhiteElo "1780"]
[BlackElo "1896"]

1. d4 d5 2. Bf4 Nf6 3. h3 g6 4. Nf3 Bg7 5. e3 O-O 6. Nbd2 Ne4 7. Bd3 f5 8. Ne5
Nd7 9. Ndf3 Nxe5 10. dxe5 c5 11. O-O c4 12. Be2 e6 13. Ng5 Nxg5 14. Bh5 Nf7 15.
Kh1 gxh5 16. Qxh5 Bxe5 17. g3 Qf6 18. Rg1 Qg6 19. Qf3 h5 20. c3 Kh7 21. Rg2 Bf6
22. Rh2 Ne5 23. Qe2 Nd3 24. Bd6 Rd8 25. Ba3 Bd7 26. Rg1 Be5 27. f4 Bf6 28. g4
fxg4 29. hxg4 Qe4+ 30. Rgg2 Rh8 31. Kg1 h4 32. Bd6 Kg6 33. g5 Bg7 34. Be7 Rae8
35. Bf6 b5 36. Rg4 h3 37. b3 e5 38. f5+ Qxf5 39. Rg3 Rh4 40. Qd1 Rg4 41. Rxh3
Rxg3+ 0-1

[Event "AUTO-INT-2401"]
[Site "http://www.queenalice.com/game.php?id=1126429"]
[Date "2012.11.28"]
[Round "2"]
[White "rubensoliveira"]
[Black "catfishcore"]
[Result "1-0"]
[WhiteElo "2001"]
[BlackElo "1769"]

1. e4 g6 2. Nf3 Bg7 3. Bc4 e6 4. d4 a6 5. e5 h6 6. Nbd2 Ne7 7. h4 d5 8. Bd3 Nbc6
9. h5 g5 10. g4 Bd7 11. Nb3 Nb4 12. Nc5 Bc6 13. Be2 b6 14. Nb3 a5 15. c3 Na6 16.
a4 Qd7 17. Bd3 Qd8 18. Qe2 Qc8 19. O-O Kf8 20. Nh2 Qd8 21. Bxa6 Ra7 22. Bb5 Bb7
23. f4 c6 24. Bd3 Nc8 25. f5 Kg8 26. fxe6 fxe6 27. Bg6 Ne7 28. Bf7+ Kh7 29. Qd3+
Nf5 30. Bg6+ Kg8 31. Qf3 Ba6 32. gxf5 Bxf1 33. Nxf1 Qc8 34. Ne3 Kf8 35. Bd2 Ke7
36. f6+ Kd8 37. fxg7 Rxg7 38. Ng4 Kc7 39. Rf1 Kb7 40. Nc1 Ka7 41. b4 c5 42. Nf6
Rf8 43. bxa5 cxd4 44. axb6+ Kb7 45. cxd4 Kxb6 46. Qb3+ Ka7 47. Qb5 Rb7 48. Qc5+
Kb8 49. Qxc8+ Rxc8 50. Ne8 Rc2 51. Bxc2 Rb2 52. Bg6 Rxd2 53. Nb3 Rb2 54. Nc5 Rb4
55. Nxe6 Rxa4 56. Nf6 Ra3 57. Nxd5 Kb7 58. Nc5+ Kc6 59. Be4 1-0

[Event "Challenge"]
[Site "http://www.queenalice.com/game.php?id=1138650"]
[Date "2013.1.9"]
[Round "-"]
[White "eduardofelix"]
[Black "catfishcore"]
[Result "0-1"]
[WhiteElo "1884"]
[BlackElo "1759"]

1. e4 d5 2. d4 h6 3. Nc3 a6 4. Nxd5 e6 5. Nc3 Ne7 6. Nf3 Ng6 7. h3 Bb4 8. a3 Ba5
9. b4 Bb6 10. Bc4 Nd7 11. d5 Qf6 12. dxe6 Qxc3+ 13. Bd2 Qxc4 14. exd7+ Bxd7 15.
e5 O-O-O 0-1